SWAMI VIVEKANANDA IN CHICAGO (Record no. 7017)
[ view plain ]
| 000 -LEADER | |
|---|---|
| fixed length control field | 00628nam a22001337a 4500 |
| 020 ## - INTERNATIONAL STANDARD BOOK NUMBER | |
| ISBN | 978-93-83225-85-9 |
| 082 ## - DEWEY DECIMAL CLASSIFICATION NUMBER | |
| Classification number | 823 |
| Item number | NIS/S |
| 100 ## - MAIN ENTRY--AUTHOR NAME | |
| Personal name | NISHANK, RAMESH POKHRIYAL |
| 245 ## - TITLE STATEMENT | |
| Title | SWAMI VIVEKANANDA IN CHICAGO |
| 260 ## - PUBLICATION, DISTRIBUTION, ETC. (IMPRINT) | |
| Place of publication | NEW DELHI |
| Name of publisher | OKHLA INDUSTRIAL AREA |
| 520 ## - SUMMARY, ETC. | |
| Summary, etc | Vivekananda emphasised on letting religions follow their own path. He also spoke about how he doesn't want conversion of religions or the overpowering of one religions over another. Rather, he wants each religion to follow its own path and grow into their own being without hindering the journey of another. |
| 650 ## - SUBJECT ADDED ENTRY--TOPICAL TERM | |
| Topical Term | RELGIOUS BIOGRAPHY |
| 942 ## - ADDED ENTRY ELEMENTS (KOHA) | |
| Koha item type | Books |
| Withdrawn status | Lost status | Collection code | Home library | Current library | Shelving location | Date acquired | Source of acquisition | Cost, normal purchase price | Full call number | Accession Number | Koha item type |
|---|---|---|---|---|---|---|---|---|---|---|---|
| Non-fiction | Main Library | Main Library | NEW SHELF WITH NEW ENTRY | 26/10/2023 | Purchase | 50.00 | 823 NIS/S | 13044 | Books |